000 002910000a22000970004500
100 1 _aKlem, Herb
245 1 0 _aDependence on literacy strategy : Taking a hard second look
300 _aVol. 12, Núm 2 (1995), Páginas 59-64
773 0 _tInternational Journal of Frontier Misions
942 _cANA
999 _c55297
_d55297